000 00663cam a2200205 4500
001 D15340
008 090401t1976 xxu||||| |||| 00| 0 eng d
035 _a(Sirsi) u22011
041 _aeng
050 _a346.4104342
100 _aWareham, D.J.
245 4 _aThe eclipse of the private landlord, by D.J. Wareham awarded the Presidents Prize. Delivered at a Junior Organisation O.G.M., 9th December 1976
260 _bRICS
_c1976
300 _aii. 19p
350 _a0
520 _aFiled in box 1976/34 ABC ; Also printed in Chartered Surveyor, March 1977
710 _aRoyal Institution of Chartered Surveyors
_94900
942 _n0
948 _c04/03/1997
999 _c88107
_d88107